Dīwān al-Sarī al-Raffāʼ.

Saved in:

Main Author: Sarī al-Raffāʼ, Abū al-Ḥasan ibn Aḥmad, active 10th century (Author)

Format: Book

Language: Arabic

Published: al-Qāhirah : Maktabat al-Qudsī, 1355 [1936].

Subjects:

Tags: Add Tag

No Tags, Be the first to tag this record!

Call Number: PJ7750 .R14 D62 1936

LEADER 01174nam a2200277M 4500
001 10125
003 OSt
005 20231116085641.0
008 130303s1936 ua 000 p ara d
952 |0 0  |1 0  |2 lcc  |4 0  |6 PJ7750 R14 D62 01936  |7 1  |9 56291  |a ARCE  |b ARCE  |d 2023-11-16  |l 0  |o PJ7750 .R14 D62 1936  |p 1031950  |r 2023-11-16 00:00:00  |w 2023-11-16  |y BK 
999 |c 10555  |d 10555 
035 |a ocm23511676 
040 |c ARCE Library 
050 4 |a PJ7750 .R14 D62 1936 
100 1 |6 880-01  |a Sarī al-Raffāʼ, Abū al-Ḥasan ibn Aḥmad,  |d active 10th century,  |e author 
245 1 0 |6 880-02  |a Dīwān al-Sarī al-Raffāʼ. 
264 1 |a al-Qāhirah :  |b Maktabat al-Qudsī,  |c 1355 [1936]. 
300 |a 288 pages ;   |c 22 cm. 
500 |a "ʻAn naskhatay Taymūr Bāshā wa-al-Bārūdī Bāshā al-maḥfūẓatayn fī Dār al-Kutub al-Miṣrīyah al-ʻĀmirah." 
555 |a .alaa-sweed 
650 0 |a Arabic literature. 
650 0 |a Arabic poetry  |y 750-1258. 
880 1 |6 100-01/(3/r  |a  سري الرفاء، أبو الحسن بن أحمد  |d نشط القرن 10.‪‪‪‪‪‪‪‪‪‪ 
880 1 0 |6 245-02/(3/r  |a ديوان السري الرفاء 
901 |a reviewed 
942 |c BK  |2 lcc